[Event "LTU-chT"]
[Site "Lithuania"]
[Date "2023.04.22"]
[Round "6.4"]
[White "Babrauskas, Darius"]
[Black "Sarauskas, Andrius"]
[Result "1-0"]
[WhiteElo "2057"]
[BlackElo "1995"]
[PlyCount "93"]
[EventDate "2023.03.04"]
[EventType "team"]
[EventRounds "7"]
[EventCountry "LTU"]
[SourceTitle "EXT 2024"]
[Source "ChessBase"]
[SourceDate "2023.10.10"]
[SourceVersion "1"]
[SourceVersionDate "2023.10.10"]
[SourceQuality "1"]
[WhiteTeam "Klaipeda Bokstas"]
[BlackTeam "Siauliai Dubysa"]
[WhiteTeamCountry "LTU"]
[BlackTeamCountry "LTU"]

1. e4 c6 2. d4 d5 3. exd5 cxd5 4. Bd3 Nc6 5. c3 g6 6. h3 Qc7 7. Nf3 Nf6 8. 0-0 Bg7 9. Re1 0-0 10. Be3 Bf5 11. Be2 Ne4 12. Nbd2 Rad8 13. Nb3 Na5 14. Qc1 Nc4 15. Bf4 e5 16. dxe5 Nxe5 17. Nfd4 Qb6 18. a4 g5 19. Bh2 Nc4 20. f3 Nc5 21. Bxc4 dxc4 22. Nxc5 Qxc5 23. Qxg5 h6 24. Qg3 Bg6 25. Kh1 Bxd4 26. cxd4 Qxd4 27. Re2 Rd5 28. Bg1 Qd3 29. Rae1 Rg5 30. Qf4 a6 31. g4 Rd5 32. Re3 Qd4 33. Qxh6 Qxb2 34. Qf4 b5 35. Re8 Qd2 36. Qf6 Qh6 37. Kg2 Qg7 38. Rxf8+ Qxf8 39. Bd4 Rxd4 40. Qxd4 Kh7 41. axb5 axb5 42. f4 Qa8+ 43. Kg3 Bc2 44. Re5 Qa3+ 45. Kh4 f5 46. Qd7+ Kg6 47. Re6# 1-0

[Event "EU-ch 22nd"]
[Site "Terme Catez"]
[Date "2022.03.31"]
[Round "5"]
[White "Babrauskas, Darius"]
[Black "Royal, Shreyas"]
[Result "1/2-1/2"]
[WhiteElo "2003"]
[BlackElo "2296"]
[PlyCount "116"]
[EventDate "2022.03.27"]
[EventType "swiss"]
[EventRounds "11"]
[EventCountry "SLO"]
[SourceTitle "CBM 208"]
[Source "ChessBase"]
[SourceDate "2022.06.30"]
[SourceVersion "1"]
[SourceVersionDate "2022.06.30"]
[SourceQuality "1"]

1. e4 e5 2. Nf3 Nc6 3. Bc4 Bc5 4. d3 Nf6 5. a4 d6 6. 0-0 a6 7. c3 Ba7 8. a5 0-0 9. h3 h6 10. Be3 Qe7 11. Qb3 Kh8 12. Bxa7 Rxa7 13. Nbd2 Nh7 14. d4 Ng5 15. Rfe1 Qf6 16. d5 Ne7 17. Re3 Ng6 18. Kh2 Nf4 19. Bf1 Qg6 20. c4 Nxf3+ 21. Nxf3 Qf6 22. Rc1 g5 23. c5 g4 24. hxg4 Bxg4 25. cxd6 cxd6 26. g3 h5 27. Bg2 Ng6 28. Qb6 Raa8 29. Rc7 h4 30. Kg1 hxg3 31. fxg3 Kg7 32. Nh2 Qg5 33. Nxg4 Qxg4 34. Rf3 Kg8 35. Qxd6 Qxe4 36. Rf2 Qe1+ 37. Bf1 Qe3 38. Qf6 Qxg3+ 39. Rg2 Qe3+ 40. Kh1 Qh6+ 41. Kg1 Qe3+ 42. Kh1 Qh6+ 43. Rh2 Qf4 44. Qxf4 Nxf4 45. d6 Kg7 46. Rxb7 Kf6 47. Rb6 Rfb8 48. Rxb8 Rxb8 49. Rd2 e4 50. d7 Ke7 51. Rd4 Ne6 52. Rxe4 Rxb2 53. Bxa6 Kxd7 54. Ra4 Kc7 55. Bc4 Kb7 56. Ra1 Rb4 57. Bxe6 fxe6 58. Re1 Ka6 1/2-1/2

[Event "Riga Tech Rapid op"]
[Site "Riga"]
[Date "2021.08.08"]
[Round "6"]
[White "Roshka, Yevgeniy"]
[Black "Babrauskas, Darius"]
[Result "1-0"]
[WhiteElo "2476"]
[BlackElo "2003"]
[PlyCount "67"]
[EventDate "2021.08.08"]
[EventType "swiss (rapid)"]
[EventRounds "9"]
[EventCountry "LAT"]
[SourceTitle "CBM 203 Extra"]
[Source "ChessBase"]
[SourceDate "2021.09.30"]
[SourceVersion "1"]
[SourceVersionDate "2021.09.30"]
[SourceQuality "1"]

1. d4 d5 2. c4 c6 3. Nf3 Nf6 4. Nc3 e6 5. Qd3 dxc4 6. Qxc4 b5 7. Qd3 Bb7 8. g4 a6 9. g5 Nd5 10. Nxd5 cxd5 11. Bd2 b4 12. h4 Nd7 13. h5 Qb6 14. Bg2 Bd6 15. Rc1 Rc8 16. Rxc8+ Bxc8 17. Rh3 a5 18. g6 hxg6 19. hxg6 Rxh3 20. gxf7+ Kxf7 21. Ng5+ Ke7 22. Bxh3 Nf8 23. f4 Qa6 24. Qe3 Qc4 25. f5 Qxa2 26. Nxe6 Nxe6 27. fxe6 Qb1+ 28. Bc1 Ke8 29. Qg5 Be7 30. Qf4 b3 31. Bf5 Qa1 32. Qc7 Ba6 33. Bg6+ Kf8 34. Qb8+ 1-0

[Event "Riga Tech Rapid op"]
[Site "Riga"]
[Date "2021.08.08"]
[Round "2"]
[White "Yurovskich, Oleksandr"]
[Black "Babrauskas, Darius"]
[Result "1-0"]
[WhiteElo "2269"]
[BlackElo "2003"]
[PlyCount "66"]
[EventDate "2021.08.08"]
[EventType "swiss (rapid)"]
[EventRounds "9"]
[EventCountry "LAT"]
[SourceTitle "CBM 203 Extra"]
[Source "ChessBase"]
[SourceDate "2021.09.30"]
[SourceVersion "1"]
[SourceVersionDate "2021.09.30"]
[SourceQuality "1"]

1. d4 d5 2. Bf4 Nf6 3. e3 e6 4. Nf3 c5 5. c3 Bd6 6. Bg3 Qc7 7. dxc5 Qxc5 8. Nbd2 Nbd7 9. Bd3 Bxg3 10. hxg3 b6 11. Qa4 Bb7 12. g4 Bc6 13. Qf4 h5 14. g5 Ng4 15. g6 f6 16. Nb3 Qe7 17. Nbd4 Nde5 18. Nxe5 Nxe5 19. Be2 Bd7 20. Qg3 Rc8 21. f4 Nc4 22. Bxc4 Rxc4 23. Qf3 h4 24. 0-0-0 b5 25. Nc2 a5 26. Rd4 Qc5 27. Qe2 b4 28. Rxc4 dxc4 29. e4 bxc3 30. bxc3 Ke7 31. Qe3 Qc6 32. Qd4 Rb8 33. Rxh4 Be8 1-0

[Event "LTU-chT"]
[Site "Lithuania"]
[Date "2021.05.07"]
[Round "1.2"]
[White "Dambrauskas, Virginijus A"]
[Black "Babrauskas, Darius"]
[Result "1-0"]
[WhiteElo "2209"]
[BlackElo "2011"]
[PlyCount "55"]
[EventDate "2021.05.07"]
[EventType "team-swiss"]
[EventRounds "7"]
[EventCountry "LTU"]
[SourceTitle "CBM 202 Extra"]
[Source "ChessBase"]
[SourceDate "2021.07.31"]
[SourceVersion "1"]
[SourceVersionDate "2021.07.31"]
[SourceQuality "1"]
[WhiteTeam "Panevezio Gigant"]
[BlackTeam "Marijampole Suduvos Jaunimas"]
[WhiteTeamCountry "LTU"]
[BlackTeamCountry "LTU"]

1. d4 d5 2. c4 c6 3. Nf3 Nf6 4. Nc3 e6 5. Bg5 h6 6. Bh4 dxc4 7. e4 g5 8. Bg3 b5 9. h4 g4 10. Ne5 h5 11. Be2 Bb7 12. 0-0 Be7 13. f3 Nbd7 14. fxg4 Nxe5 15. Bxe5 hxg4 16. Qd2 Rh7 17. Qg5 Nd7 18. Qg8+ Nf8 19. Bg7 f6 20. Rad1 Rxh4 21. Bxf8 Kd7 22. Bxg4 Qxf8 23. Bxe6+ Kc7 24. Qg3+ Bd6 25. Qxh4 Qg7 26. e5 Bb4 27. Qxf6 Qg3 28. Qf4 1-0

[Event "Riga RTU rapid op"]
[Site "Riga"]
[Date "2019.07.04"]
[Round "4"]
[White "Babrauskas, Darius"]
[Black "Galchenko, Matvey"]
[Result "0-1"]
[WhiteElo "1988"]
[BlackElo "2360"]
[PlyCount "60"]
[EventDate "2019.07.04"]
[EventType "swiss (rapid)"]
[EventRounds "9"]
[EventCountry "LAT"]
[SourceTitle "EXT 2020"]
[Source "ChessBase"]
[SourceDate "2019.10.17"]
[SourceVersion "1"]
[SourceVersionDate "2019.10.17"]
[SourceQuality "1"]

1. e4 e6 2. d4 d5 3. Nc3 Bb4 4. e5 Ne7 5. a3 Bxc3+ 6. bxc3 c5 7. Qg4 cxd4 8. Qxg7 Rg8 9. Qxh7 Qc7 10. Ne2 Nbc6 11. f4 Bd7 12. Qd3 dxc3 13. Rg1 d4 14. g4 Qb6 15. Rg3 0-0-0 16. Bg2 Rh8 17. h3 Kb8 18. Be4 Be8 19. Qc4 Rc8 20. Qa2 Na5 21. Rb1 Qc5 22. Bd3 Nd5 23. Kf2 Ba4 24. Rf3 Nc4 25. Kg3 Rc7 26. Be4 f5 27. exf6 Nxf6 28. Bd3 Qd5 29. Rb4 Rxh3+ 30. Kxh3 Qxf3+ 0-1

[Event "Vilnius Zavanelli Memorial op-B"]
[Site "Vilnius"]
[Date "2018.10.28"]
[Round "7"]
[White "Babrauskas, Darius"]
[Black "Grigaliunas, Sigitas"]
[Result "1-0"]
[WhiteElo "2005"]
[BlackElo "2101"]
[PlyCount "73"]
[EventDate "2018.10.25"]
[EventType "swiss"]
[EventRounds "7"]
[EventCountry "LTU"]
[SourceTitle "EXT 2021"]
[Source "ChessBase"]
[SourceDate "2020.10.23"]
[SourceVersion "1"]
[SourceVersionDate "2020.10.23"]
[SourceQuality "1"]

1. e4 e5 2. Nf3 Nc6 3. Bc4 Bc5 4. 0-0 d6 5. d3 Bg4 6. c3 Qf6 7. Nbd2 Bb6 8. b4 a5 9. b5 Nce7 10. Re1 Ng6 11. h3 Be6 12. Bxe6 fxe6 13. Nc4 Bc5 14. Bg5 Qf7 15. d4 exd4 16. cxd4 Bb4 17. Re2 h6 18. Be3 e5 19. Qb3 exd4 20. Nxd4 N8e7 21. b6 0-0 22. bxc7 Rac8 23. Nb5 Qe6 24. Nxa5 Qxb3 25. Nxb3 Nf4 26. Rc2 Nc6 27. a3 Bc5 28. Bxc5 dxc5 29. Nxc5 b6 30. Nd7 Rf7 31. Nxb6 Rcxc7 32. Nxc7 Rxc7 33. Nd5 Rf7 34. Nxf4 Nd4 35. Rc8+ Kh7 36. Rd1 Rd7 37. Kf1 1-0

[Event "LTU-chT"]
[Site "Lithuania"]
[Date "2018.03.25"]
[Round "5.2"]
[White "Ruksenas, Romas"]
[Black "Babrauskas, Darius"]
[Result "0-1"]
[WhiteElo "1933"]
[BlackElo "2030"]
[PlyCount "48"]
[EventDate "2018.01.27"]
[EventType "team-swiss"]
[EventRounds "7"]
[EventCountry "LTU"]
[SourceTitle "EXT 2019"]
[Source "ChessBase"]
[SourceDate "2018.10.10"]
[SourceVersion "1"]
[SourceVersionDate "2018.10.10"]
[SourceQuality "1"]
[WhiteTeam "Vilnius Pasaku"]
[BlackTeam "Marijampole Suduvos Jaunimas"]
[WhiteTeamCountry "LTU"]
[BlackTeamCountry "LTU"]

1. c4 e6 2. Nf3 Nf6 3. Nc3 d5 4. e3 c6 5. b3 Nbd7 6. Bb2 Bd6 7. g4 0-0 8. g5 Ne4 9. h4 f5 10. Qc2 Qe7 11. Bg2 a5 12. d3 Nxc3 13. Bxc3 e5 14. cxd5 cxd5 15. Nd2 Nb6 16. 0-0 f4 17. Rae1 Bg4 18. Nf3 Bxf3 19. Bxf3 Qe6 20. Kg2 Rac8 21. Qd2 e4 22. dxe4 dxe4 23. Bxe4 Qg4+ 24. Kh2 f3+ 0-1

[Event "LTU-chT"]
[Site "Lithuania"]
[Date "2018.03.24"]
[Round "3.2"]
[White "Novikovas, Anatolijus"]
[Black "Babrauskas, Darius"]
[Result "1/2-1/2"]
[WhiteElo "1840"]
[BlackElo "2030"]
[PlyCount "131"]
[EventDate "2018.01.27"]
[EventType "team-swiss"]
[EventRounds "7"]
[EventCountry "LTU"]
[SourceTitle "EXT 2019"]
[Source "ChessBase"]
[SourceDate "2018.10.10"]
[SourceVersion "1"]
[SourceVersionDate "2018.10.10"]
[SourceQuality "1"]
[WhiteTeam "Vilnius LASF"]
[BlackTeam "Marijampole Suduvos Jaunimas"]
[WhiteTeamCountry "LTU"]
[BlackTeamCountry "LTU"]

1. Nf3 c5 2. e4 Nc6 3. Bb5 g6 4. 0-0 Bg7 5. Re1 Nf6 6. e5 Nd5 7. Nc3 Nc7 8. Bxc6 dxc6 9. Ne4 Ne6 10. d3 0-0 11. Be3 b6 12. Qd2 Nd4 13. Nxd4 cxd4 14. Bh6 c5 15. Bxg7 Kxg7 16. f4 f6 17. exf6+ exf6 18. Ng3 Bb7 19. Re2 Qd5 20. a3 Rae8 21. Rae1 Rxe2 22. Rxe2 Kf7 23. b3 Re8 24. a4 Bc6 25. Rxe8 Kxe8 26. Qf2 Kf8 27. Ne4 Kg7 28. Nd2 Qh5 29. Qf1 a6 30. Nc4 b5 31. axb5 axb5 32. Nd2 Qf5 33. Qf2 Qg4 34. h3 Qd1+ 35. Nf1 h5 36. Qd2 Qxd2 37. Nxd2 Bd5 38. Kf2 Kf7 39. h4 Ke6 40. g3 Kf5 41. Nb1 Ke6 42. Nd2 Kd6 43. Ke1 Kc6 44. Kf2 Be6 45. Ne4 f5 46. Nd2 Bd5 47. Ke1 Kb6 48. Kd1 Ka5 49. Kc1 Kb4 50. Kb2 Bg2 51. Nb1 c4 52. bxc4 bxc4 53. dxc4 Kxc4 54. Nd2+ Kb4 55. Nb3 Kc4 56. Nd2+ Kd5 57. Kc1 Bh3 58. Kd1 Kc5 59. Nb3+ Kc4 60. Kd2 Bg2 61. Nc1 Kd5 62. Nd3 Ke4 63. Ne5 Bh3 64. Ke2 Bg4+ 65. Kd2 Bh3 66. Ke2 1/2-1/2

[Event "LTU-chT"]
[Site "Lithuania"]
[Date "2017.03.19"]
[Round "7.3"]
[White "Butvilas, Aistis"]
[Black "Babrauskas, Darius"]
[Result "1/2-1/2"]
[WhiteElo "1863"]
[BlackElo "2013"]
[PlyCount "74"]
[EventDate "2017.01.28"]
[EventType "team-swiss"]
[EventRounds "7"]
[EventCountry "LTU"]
[SourceTitle "EXT 2018"]
[Source "ChessBase"]
[SourceDate "2017.10.13"]
[SourceVersion "1"]
[SourceVersionDate "2017.10.13"]
[SourceQuality "1"]
[WhiteTeam "Kaunas Margiris II"]
[BlackTeam "Marijampole Suduva"]
[WhiteTeamCountry "LTU"]
[BlackTeamCountry "LTU"]

1. d4 d5 2. Bf4 Nf6 3. Nf3 e6 4. e3 Bd6 5. Bg3 0-0 6. Nbd2 c5 7. c3 Nc6 8. Bb5 Qc7 9. dxc5 Bxg3 10. hxg3 e5 11. b4 a5 12. a3 Bg4 13. Qb3 d4 14. exd4 exd4 15. 0-0 dxc3 16. Qxc3 axb4 17. axb4 Nd5 18. Qc4 Bxf3 19. Nxf3 Ndxb4 20. Rxa8 Rxa8 21. Rb1 Na6 22. Bxa6 Rxa6 23. Qb5 Ra7 24. Nd4 Kf8 25. Nf5 Nd8 26. Nd6 Qc6 27. Qb6 Qxb6 28. Rxb6 Ra1+ 29. Kh2 Ra6 30. Rb5 Ra7 31. g4 g5 32. f3 Kg7 33. Rb6 Ra6 34. Rb5 Rc6 35. Nxb7 Nxb7 36. Rxb7 Rxc5 37. Kg3 h6 1/2-1/2

[Event "LTU-chT"]
[Site "Lithuania"]
[Date "2017.02.18"]
[Round "4.2"]
[White "Solys, Laimutis"]
[Black "Babrauskas, Darius"]
[Result "1/2-1/2"]
[WhiteElo "2360"]
[BlackElo "2013"]
[PlyCount "51"]
[EventDate "2017.01.28"]
[EventType "team-swiss"]
[EventRounds "7"]
[EventCountry "LTU"]
[SourceTitle "CBM 176 Extra"]
[Source "ChessBase"]
[SourceDate "2017.03.02"]
[SourceVersion "1"]
[SourceVersionDate "2017.03.02"]
[SourceQuality "1"]
[WhiteTeam "Kaunas Margiris"]
[BlackTeam "Marijampole Suduva"]
[WhiteTeamCountry "LTU"]
[BlackTeamCountry "LTU"]

1. d4 d5 2. c4 c6 3. Nf3 Nf6 4. Nc3 e6 5. e3 Nbd7 6. Qc2 Bd6 7. Bd3 0-0 8. 0-0 dxc4 9. Bxc4 a6 10. Rd1 Qc7 11. h3 b5 12. Bd3 Bb7 13. Ng5 h6 14. Nge4 Be7 15. Nxf6+ Nxf6 16. Ne4 Nxe4 17. Bxe4 Rac8 18. Bd2 c5 19. dxc5 Bxc5 20. Rac1 Qb6 21. Qb1 b4 22. Be1 a5 23. b3 Ba6 24. Bd3 Bb7 25. Be4 Ba6 26. Bd3 1/2-1/2

[Event "Kaunas Butnorius 70 op"]
[Site "Kaunas"]
[Date "2016.08.05"]
[Round "7"]
[White "Kula, Dominik"]
[Black "Babrauskas, Darius"]
[Result "1/2-1/2"]
[WhiteElo "2132"]
[BlackElo "1991"]
[PlyCount "102"]
[EventDate "2016.08.01"]
[EventType "swiss"]
[EventRounds "9"]
[EventCountry "LTU"]
[SourceTitle "CBM 173 Extra"]
[Source "ChessBase"]
[SourceDate "2016.08.29"]
[SourceVersion "1"]
[SourceVersionDate "2016.08.29"]
[SourceQuality "1"]

1. e4 c5 2. Nf3 Nc6 3. Bb5 g6 4. 0-0 Bg7 5. c3 Nf6 6. Re1 0-0 7. h3 h6 8. d4 d5 9. e5 Ne4 10. Nbd2 Bf5 11. Nf1 a6 12. Bd3 cxd4 13. cxd4 Qb6 14. Bb1 Rfd8 15. Ne3 Be6 16. Nxd5 Bxd5 17. Bxe4 Bxe4 18. Rxe4 Rd7 19. Qc2 Rad8 20. Be3 Nb4 21. Qb3 Qb5 22. Bd2 Nc6 23. Qc3 Kh7 24. Rh4 Kg8 25. Bxh6 Bxh6 26. Rxh6 Nxd4 27. Nxd4 Rxd4 28. e6 Qg5 29. exf7+ Kxf7 30. Rh8 Rd1+ 31. Rxd1 Rxd1+ 32. Kh2 Qf4+ 33. Qg3 Qxg3+ 34. Kxg3 Rd2 35. b4 Rxa2 36. Rb8 b5 37. Rb6 e6 38. f4 Kf6 39. Kf3 Ra3+ 40. Kg4 Ra4 41. Kf3 Kf5 42. g4+ Kf6 43. h4 Rxb4 44. Rxa6 Rb3+ 45. Ke4 Rb4+ 46. Kf3 Rb3+ 47. Ke4 Rb4+ 48. Kf3 Rb1 49. Ra7 Rb3+ 50. Ke4 Rb4+ 51. Kf3 Rb3+ 1/2-1/2

[Event "Kaunas Butnorius 70 op"]
[Site "Kaunas"]
[Date "2016.08.02"]
[Round "3"]
[White "Pluta, Paulius"]
[Black "Babrauskas, Darius"]
[Result "0-1"]
[WhiteElo "1692"]
[BlackElo "1991"]
[PlyCount "52"]
[EventDate "2016.08.01"]
[EventType "swiss"]
[EventRounds "9"]
[EventCountry "LTU"]
[SourceTitle "CBM 173 Extra"]
[Source "ChessBase"]
[SourceDate "2016.08.29"]
[SourceVersion "1"]
[SourceVersionDate "2016.08.29"]
[SourceQuality "1"]

1. e4 c5 2. c3 Nf6 3. e5 Nd5 4. d4 cxd4 5. Nf3 Nc6 6. cxd4 d6 7. Bc4 e6 8. 0-0 Be7 9. Qe2 0-0 10. Qe4 Ndb4 11. exd6 Bxd6 12. Nc3 Ne7 13. a3 Nbd5 14. Nb5 Bb8 15. Nc3 Nf6 16. Qe2 h6 17. Re1 a6 18. Ne4 Nfd5 19. Ne5 b6 20. Qg4 f5 21. Qg3 fxe4 22. Bxh6 Nf5 23. Qg6 Bxe5 24. dxe5 Nxh6 25. Rxe4 b5 26. Be2 Nf4 0-1

[Event "LTU Grand Prix-chT"]
[Site "Kaunas"]
[Date "2016.04.03"]
[Round "5.2"]
[White "Babrauskas, Darius"]
[Black "Zukauskas, Arnas Povilas"]
[Result "0-1"]
[WhiteElo "2001"]
[BlackElo "1932"]
[PlyCount "118"]
[EventDate "2016.02.21"]
[EventType "team-swiss"]
[EventRounds "6"]
[EventCountry "LTU"]
[SourceTitle "EXT 2017"]
[Source "ChessBase"]
[SourceDate "2016.10.25"]
[SourceVersion "1"]
[SourceVersionDate "2016.10.25"]
[SourceQuality "1"]

1. e4 c5 2. Nf3 e6 3. d4 cxd4 4. Nxd4 Nf6 5. Nc3 Bb4 6. e5 Nd5 7. Qd3 Qc7 8. a3 Qxe5+ 9. Be2 Bxc3+ 10. bxc3 Nc6 11. Nb5 0-0 12. 0-0 a6 13. f4 Qf6 14. c4 axb5 15. cxd5 Qxa1 16. dxc6 bxc6 17. Qb3 Qd4+ 18. Kh1 d5 19. Bb2 Qb6 20. Qg3 f6 21. Bd3 d4 22. Qh4 f5 23. Rf3 Ra7 24. Rh3 g6 25. Qe1 c5 26. Rg3 Qd6 27. Rf3 c4 28. Bf1 c3 29. Bc1 Ba6 30. Rf2 b4 31. Bxa6 Rxa6 32. axb4 Qxb4 33. h3 Qc4 34. Kh2 Rb8 35. Rf1 Rb1 36. Rg1 Qd5 37. Qh4 Qd6 38. Ba3 Rxa3 39. Rxb1 Ra7 40. Rd1 Rg7 41. Kh1 Rd7 42. Qg3 Qd5 43. Kh2 Qc4 44. Rd3 Qc5 45. Rd1 Qd5 46. Rd3 Qe4 47. Qf2 e5 48. fxe5 Qxe5+ 49. Kh1 f4 50. Rd1 Qe3 51. Qf3 Re7 52. Kh2 g5 53. Rd3 Qe5 54. Qf2 h5 55. Rd1 Kh7 56. Ra1 Re6 57. Ra8 Rg6 58. Rf8 Kg7 59. Rd8 g4 0-1